| 000 | 00658nam a2200205Ia 4500 | ||
|---|---|---|---|
| 008 | 140429s9999 xx 000 0 und d | ||
| 020 | _a9780071622820 | ||
| 050 |
_aHD 8038.U5 _b.L84 2010 |
||
| 100 | _aLuefschuetz, Gary S. | ||
| 245 |
_aSelling professional services to the Fortune 500 / _cGary S. Luefschuetz. |
||
| 260 |
_aNew York : _bMcGraw-Hill, _cc2010. |
||
| 300 |
_a301 p. : _c24 cm. |
||
| 500 | _aIncludes index. | ||
| 521 | _aBSBA | ||
| 650 |
_aBusiness consultants _xUnited States. |
||
| 650 |
_aProfessions _xUnited States --Marketing. |
||
| 650 |
_aService industries _xUnited States --Marketing. |
||
| 942 |
_kFOR _cBK |
||
| 999 |
_c115581 _d115581 |
||